Népgazdasági mérlegek 1975-1982

Salvato in:
Dettagli Bibliografici
Natura: Libro
Lingua:ungherese
Pubblicazione: Budapest Központi statisztikai hivatal 1984
Tags: Aggiungi Tag
Nessun Tag, puoi essere il primo ad aggiungerne!!

MARC

LEADER 00000nam a2200000 4500
001 c116168
005 20041019155203.9
041 0 |a hun 
044 |a HU 
245 1 0 |a Népgazdasági mérlegek  |b 1975-1982 
264 1 |a Budapest  |b Központi statisztikai hivatal  |c 1984 
300 |a 79, 8 s.